000 00564 a2200169 4500
005 20250528112732.0
020 _a978-0-470-39376-5
082 _aLECT 650.01 POW
100 _aPOWELL, S. G
245 _aManagement Science : The Art of Modeling with Spreadsheets
250 _a2nd Ed.
260 _aUSA
_bJohn Wiley & Sons, Ltd
_c2009
300 _axv, 511p.: ill.; figure, table
_bIndex
_c28cm
700 _aBAKER, K. R
856 _yAccess Online Book
_fManagement Science : The Art of Modeling with Spreadsheets
_dwww.wiley.com/college/powell
942 _2ddc
_cBKS
999 _c2767
_d2767